Up Close (Record no. 253607)
[ view plain ]
| 000 -LEADER | |
|---|---|
| fixed length control field | 00347nam a22001457a 4500 |
| 003 - CONTROL NUMBER IDENTIFIER | |
| control field | OSt |
| 005 - DATE AND TIME OF LATEST TRANSACTION | |
| control field | 20160512132650.0 |
| 008 - FIXED-LENGTH DATA ELEMENTS--GENERAL INFORMATION | |
| fixed length control field | 160512b xxu||||| |||| 00| 0 eng d |
| 020 ## - INTERNATIONAL STANDARD BOOK NUMBER | |
| International Standard Book Number | 9780670060665 |
| 040 ## - CATALOGING SOURCE | |
| Transcribing agency | N/A |
| 100 ## - MAIN ENTRY--PERSONAL NAME | |
| Personal name | Aronson Marc |
| 245 ## - TITLE STATEMENT | |
| Title | Up Close |
| Remainder of title | Robert .F. kennedy |
| 260 ## - PUBLICATION, DISTRIBUTION, ETC. (IMPRINT) | |
| Place of publication, distribution, etc | U.S.A |
| Name of publisher, distributor, etc | Penguin Group |
| Date of publication, distribution, etc | 2007 |
| 942 ## - ADDED ENTRY ELEMENTS (KOHA) | |
| Source of classification or shelving scheme | Library of Congress Classification |
| Koha item type | Long Loan Books |
| Withdrawn status | Lost status | Source of classification or shelving scheme | Damaged status | Not for loan | Home library | Current library | Shelving location | Date acquired | Total Checkouts | Full call number | Barcode | Date last seen | Date checked out | Price effective from | Koha item type |
|---|---|---|---|---|---|---|---|---|---|---|---|---|---|---|---|
| Library of Congress Classification | Rongo University Library | Rongo University Library | General Stacks | 12/05/2016 | 3 | E840 K4 A76 2007 | 201612162 | 04/10/2018 | 18/09/2018 | 12/05/2016 | Long Loan Books |
